000
00223nam a22000857a 4500
008
160811b xxu||||| |||| 00| 0 eng d
100
_9
112
_a
Aggarwal R.S
245
_a
Mathematics-8
260
_a
New Delhi
_b
Bharati Publication
_c
2012
999
_c
2766
_d
2766